000 00441nam a2200169Ia 4500
008 221030s9999 xx 000 0 und d
020 _a8178089688
041 _aEnglish
082 _a105.23
_bKri
100 _aC. S. G. Krishnamacharyulu
245 0 _aCases In Rural Marketing - An Integrated Approach
260 _bPearson Education
_aDelhi
_c2003
300 _a264
650 _aManagement
700 _aL. Ramakrishnan
942 _cBK
999 _c1895
_d1895